Statistics for Countries With The Most Jewish People

Click here to take the quiz!

General Stats

  • This quiz has been taken 70 times
  • The average score is 16 of 20

Answer Stats

Total%Country% Correct
6,93 mil75.4Israel
100%
5,85 mil1.7United States
100%
232,0000.3United Kingdom
96%
393,5001.1Canada
95%
467,0000.8France
93%
123,000<0.1Germany
91%
175,0000.1Russia
91%
140,000<0.1Brazil
89%
43,500<0.1Mexico
88%
118,0000.4Australia
84%
254,0000.6Argentina
82%
91,5000.2Ukraine
82%
36,0000.2Netherlands
80%
29,5000.2Belgium
77%
18,5000.2Switzerland
70%
26,000<0.1Italy
68%
16,000<0.1Chile
63%
67,0000.6Hungary
63%
52,000<0.1South Africa
55%
27,5000.9Uruguay
45%

Score Distribution

Percentile by Number Answered

Percent of People with Each Score

Your Score History

You have not taken this quiz